000 00493nam a2200181Ia 4500
001 639
008 201205s1973 ii a g b000 u 465 u
020 _a336 00414 1
082 _a954
100 _aDalton, Edward Tuite .
245 0 _aTribal history of eastern India /
_cEdward Tuite Dalton.
_hTextual Documents
250 _a1st ed /
260 _aDelhi :
_bCosmo publication ,
_c1973.
300 _a327p. :
_bill ;
_c28cm .
653 _aHistory - tribal
856 _u6/Ref
942 _2ddc
_cBK
999 _c637
_d637